00621nam a22002055a 450000500170000000800410001701000140005802000260007203500130009803700150011104000180012608200100014410000240015424500540017826000400023227000600027230000230033250000410035565000190039620090523144134.0080726s2008 ii a b 001 0 eng  aENG-93691 a9788123015492c695.00 aEN-77224 bDBAD / PUB adplbEnglish  a808.6 aKleiser, Grenville  aThe art of letter writing /cby Grenville Kleiser aNew Delhi bAPH Publications c2009 a4435-36/7, Ansari Road, Daryaganj, bNew Delhi e110002 av, 272p.c23cm(Hb) aIncludes bibliographical references  aLetter writing